| 000 | 00546nam a22001697a 4500 | ||
|---|---|---|---|
| 005 | 20240808144008.0 | ||
| 008 | 240808b |||||||| |||| 00| 0 eng d | ||
| 020 | _a0409016411 X | ||
| 041 | _aEnglish | ||
| 082 | _a349 SOU | ||
| 100 | _lEnglish | ||
| 245 | _aButterworths Consolidated Index and Noter-up to the South African Law Reports 1947-1972 | ||
| 260 |
_aDurban: _bButterworth Publishers (Pty) Ltd, _c1973 |
||
| 300 |
_bix, 1087 pages; _c25 cm. |
||
| 650 |
_aLegal practice _bLaw |
||
| 942 |
_cBK _6ALISON_BN_VRIES |
||
| 999 |
_c2524 _d2524 |
||